000 00291nam a2200133 a 4500
001 4140
005 20140414132013.0
008 090218s19uu xx 00 eng d
050 _aTR
_bW72 1993
100 _aHuntchins, Pat
245 _aThe Wind blew.
999 _c113314
_d113314